Language Quiz

Random Language or French Quiz
Score 0/10 Timer 05:00
3 Plays Today
% Correct
Alexander
92.5%
Matthew
89.3%
Michael
87.9%
Andrew
86.4%
Peter
77.7%
Nicholas
77.3%
Stephen
69.7%
George
68.6%
John
57.2%
James
40.1%
Remove Ads.
Support Sporcle.
Get the best of Sporcle when you Go Orange. This ad-free experience offers more features, more stats, and more fun while also helping to support Sporcle. Thank you for becoming a member.

You're not logged in!

Compare scores with friends on all Sporcle quizzes.
OR
Log In

Show Comments

Extras

Top Quizzes Today


Score Distribution

Your Account Isn't Verified!

In order to create a playlist on Sporcle, you need to verify the email address you used during registration. Go to your Sporcle Settings to finish the process.

Report this User

Report this user for behavior that violates our Community Guidelines.

Details: